000 00338nam a22001217a 4500
008 180518b xxu||||| |||| 00| 0 eng d
041 _aeng
080 _a043.3
100 _a0
101 _aSHKI-BTH
245 _aPërparësitë e Wimax-it nga Wifi dhe telefonia mobile-mundësia e implementimit në Kosovë
_cShabani,A
942 _2udc
_cBK
999 _c45996
_d45996